Desenho industrial brasileiro? / (Record no. 22244)

MARC details
000 -CABECERA
campo de control de longitud fija 00630nam a22001697a 4500
003 - IDENTIFICADOR DEL NÚMERO DE CONTROL
campo de control OSt
005 - FECHA Y HORA DE LA ÚLTIMA TRANSACCIÓN
campo de control 20260601193901.0
008 - DATOS DE LONGITUD FIJA--INFORMACIÓN GENERAL
campo de control de longitud fija 260507b1956 bl ||||| |||| 00| 0 por d
040 ## - FUENTE DE LA CATALOGACIÓN
Centro catalogador/agencia de origen ICI
Lengua de catalogación spa
Centro/agencia transcriptor ICI
050 ## - SIGNATURA TOPOGRÁFICA DE LA BIBLIOTECA DEL CONGRESO
Número de clasificación TS171
Número de documento/Ítem G64
100 ## - ENTRADA PRINCIPAL--NOMBRE DE PERSONA
Nombre de persona Goncalves, Luiz Carlos de Camargo,
Fechas asociadas al nombre 1956-,
Término indicativo de función/relación autor
9 (RLIN) 33912
245 #1 - MENCIÓN DE TÍTULO
Título Desenho industrial brasileiro? /
Mención de responsabilidad, etc. Critica ao espaco ea forma de atuacao /
300 ## - DESCRIPCIÓN FÍSICA
Extensión 113 páginas
500 ## - NOTA GENERAL
Nota general "trabalho de graduacao dos cursos de desenho industrial e comunicacao visual da universidde federal de panama, a presentado em julho de 1980"
650 ## - PUNTO DE ACCESO ADICIONAL DE MATERIA--TÉRMINO DE MATERIA
Término de materia o nombre geográfico como elemento de entrada Diseño industrial
Subdivisión geográfica Brasil
942 ## - ELEMENTOS DE PUNTO DE ACCESO ADICIONAL (KOHA)
Fuente del sistema de clasificación o colocación Library of Congress Classification
Tipo de ítem Koha Libros
Suprimir en OPAC 1
Holdings
Estado de retiro Estado de pérdida Fuente del sistema de clasificación o colocación Estado dañado No para préstamo Localización permanente Ubicación/localización actual Fecha de adquisición Total de préstamos Signatura topográfica completa Código de barras Fecha visto por última vez Número de copia Precio válido a partir de Tipo de ítem Koha
El ejemplar forma parte de la colección y puede ser consultado según las políticas vigentes.   Library of Congress Classification     Biblioteca de Diseño Museo Franz Mayer Biblioteca de Diseño Museo Franz Mayer 07/05/2026   TS171 G64 BDIMFM000096 07/05/2026 Ej. 1 07/05/2026 Libros